Statistics for Official Country Names Quiz #2

Click here to take the quiz!

General Stats

  • This quiz has been taken 20 times
  • The average score is 7 of 15

Answer Stats

CountryOfficial Name% Correct
United ArabUnited Arab {Emirates}
100%
Central AfricanCentral African {Republic}
89%
Congo{Democratic} {Republic} of the Congo
89%
IranIslamic Republic of Iran
58%
BelgiumKingdom of Belgium
47%
MonacoPrincipality of Monaco
47%
PolandRepublic of Poland
47%
ThailandKingdom of Thailand
42%
ItalyItalian Republic
37%
New ZealandNew Zealand
37%
VietnamSocialist Republic of Vietnam
37%
GreeceHellenic Republic
32%
KyrgyzstanKyrgyz Republic
26%
DominicaCommonwealth of Dominica
21%
AlgeriaPeople's Democratic Republic of Algeria
16%

Score Distribution

Percentile by Number Answered

Percent of People with Each Score

Your Score History

You have not taken this quiz